00536nam a2200181 a 45000010010000000030011000100080041000210350026000620820014000881000018001022450053001202600029001736500015002029420012002179520090002299980020003199990015003390000-8790ELIB.Books110520 1984  a(ELIB.Books)0000-8936 a150 bLar aLarson, Bruce aThere's a lot More to Health than not Being sick bWaco: Proven Word c1984 aPhilosophy 2ddccBK 00102ddc4070aKBTSbKBTSd2011-05-20l0p2270r2022-01-22 00:00:00w2022-01-22yBK cbate2011-05-20 c8790d8790